| 000 | 01520cam a22003854i 4500 | ||
|---|---|---|---|
| 003 | PE-LiUPU | ||
| 005 | 20250731183415.0 | ||
| 008 | 150623s r 000 0 d | ||
| 020 | _a0882294717 | ||
| 035 | _a(Sirsi) i9780882294711 | ||
| 040 |
_aPE-LiUPU _bspa _cPE-LiUPU _erda |
||
| 049 | _aPRUA | ||
| 082 | 0 | 4 |
_a796.192 2 _bO68 _221 |
| 100 | 1 |
_aOrlick, Terry, _eautor. |
|
| 245 | 1 | 0 |
_aEvery kid can win / _cTerry Orlick. |
| 264 | 1 |
_aChicago : _bNelson-Hall, _c1980. |
|
| 300 |
_a196 páginas ; _c21 centímetros |
||
| 336 |
_atext _2rdacontent |
||
| 337 |
_aunmediated _2rdamedia |
||
| 338 |
_avolume _2rdacarrier |
||
| 504 | _aIncluye bibliografía. | ||
| 505 | 0 | _aWhat you can do for kids. The right start. Why eliminate kids?. What about winning?. What's best for kids?. What do you feel?. What can we expect from kids?. It's gotta be fun. What about girls?. Making sport a better place for kids. Every kid can win. | |
| 526 | _aP158 | ||
| 526 | _aP146 | ||
| 526 | _aP17 | ||
| 526 | _aP12 | ||
| 526 | _aP06 | ||
| 650 | 0 | 4 | _aDeportes para niños. |
| 942 |
_2ddc _cBOOK |
||
| 949 |
_a796.192 2 O68 _wDEWEY _c1 _i51582 _lCCODEBUL1 _mBUL _p6.00 _r0 _sY _tBOOK _u2015-6-24 _xTEOLOGIA _PP35 _0COMPRA _o.STAFF. Colección General |
||
| 994 |
_aC0 _bPEPRU |
||
| 596 | _a1 | ||
| 999 |
_a796.192 2 O68 _wDEWEY _c33311 _i51582 _f2021-11-9 _g5 _lCCODEBUL1 _mBUL _p6.00 _r0 _sY _tBOOK _u2015-6-24 _xEDUCACION _PP35 _0COMPRA _o.STAFF. Colección General _d33311 |
||
| 980 |
_81 _gALBERTO SANCHEZ Responsable de Automatización |
||